| 000 | 02612cam a2200397 i 4500 | ||
|---|---|---|---|
| 001 | 116748 | ||
| 005 | 20230410130418.0 | ||
| 008 | 130429s2013 nyu b 001 0beng | ||
| 035 | _a17717086 | ||
| 925 | 0 |
_aacquire _b2 shelf copies _xpolicy default, Sel/rjc, 2014-04-30 |
|
| 942 |
_2lcc _cbk |
||
| 010 | _a 2013014186 | ||
| 020 | _a9781610390897 (hardback) | ||
| 020 | _z9781610390903 (electronic) | ||
| 040 |
_aDLC _beng _cDLC _erda |
||
| 042 | _apcc | ||
| 050 | 1 | 4 |
_aP92.5.M87 _bF65 2013 |
| 082 | 0 | 0 |
_a070/.92 _aB _223 |
| 084 |
_aBUS070060 _aBIO025000 _aLAN008000 _2bisacsh |
||
| 100 | 1 | _aFolkenflik, David. | |
| 245 | 1 | 0 |
_aMurdoch's world : _bthe last of the old media empires / _cDavid Folkenflik. |
| 246 | 3 | 0 | _aLast of the old media empires |
| 250 | _aFirst Edition. | ||
| 264 | 1 |
_aNew York : _bPublicAffairs, _c[2013] |
|
| 300 |
_aviii, 373 pages ; _c25 cm |
||
| 336 |
_atext _2rdacontent |
||
| 337 |
_aunmediated _2rdamedia |
||
| 338 |
_avolume _2rdacarrier |
||
| 504 | _aIncludes bibliographical references (pages 305-356) and index. | ||
| 520 |
_a"NPR's media correspondent delves into the most influential media company in the world, News Corporation, showing how Murdoch survived the corruption scandal that nearly tore it apart In July 2012, testifying before a British parliamentary inquiry about the News of the World telephone hacking scandal, Rupert Murdoch experienced what he called "the most humble day of my life." Murdoch seemed certain to lose control of the monolithic news company he had built from a single Australian daily. The drama was all the more remarkable because of his unrivaled political and cultural influence worldwide, through Britain's take-no-prisoners tabloids, the top-rated Fox News Channel, the New York Post, and the Wall Street Journal. Within months, Murdoch, bloodied but not bowed, reasserted his hold by splitting News Corp into two companies. The summer's stories of the jockeying among Murdoch's children and corporate lieutenants to succeed him were silenced; what promised to be the second half of King Lear never unfolded. News Corp marched on, its king aging but firmly on the throne. In Murdoch's World, David Folkenflik tells the story of how News Corp survived this tumultuous chapter, and of the man who makes the news, literally: Rupert Murdoch"-- _cProvided by publisher. |
||
| 600 | 1 | 0 |
_aMurdoch, Rupert, _d1931- |
| 650 | 0 |
_aMass media _zAustralia _vBiography. |
|
| 650 | 7 |
_aBIOGRAPHY & AUTOBIOGRAPHY / Editors, Journalists, Publishers. _2bisacsh |
|
| 650 | 7 |
_aLANGUAGE ARTS & DISCIPLINES / Journalism. _2bisacsh |
|
| 946 | _aJaaM | ||
| 999 |
_c74127 _d74127 |
||